| 000 | 01528nam a2200361 a 4500 | ||
|---|---|---|---|
| 001 | ebr10516622 | ||
| 003 | CaPaEBR | ||
| 006 | m u | ||
| 007 | cr cn||||||||| | ||
| 008 | 070308s2006 vaua sb 001 0 eng d | ||
| 010 | _z 2007295956 | ||
| 020 | _z1563478412 | ||
| 020 | _z9781563478413 | ||
| 020 | _z9781600864674 (e-book) | ||
| 040 |
_aCaPaEBR _cCaPaEBR |
||
| 035 | _a(OCoLC)608694761 | ||
| 050 | 1 | 4 |
_aTL685 _b.K84 2006eb |
| 082 | 0 | 4 |
_a629.133/35 _222 |
| 100 | 1 | _aKuhn, Richard E. | |
| 245 | 1 | 0 |
_aJet-induced effects _h[electronic resource] : _bthe aerodynamics of jet- and fan-powered V/STOL aircraft in hover and transition / _cRichard E. Kuhn, Richard J. Margason, Peter Curtis. |
| 260 |
_aReston, Va. : _bAmerican Institute of Aeronautics and Astronautics, Inc., _cc2006. |
||
| 300 |
_axi, 203 p. : _bill. |
||
| 490 | 1 |
_aProgress in astronautics and aeronautics ; _vv. 217 |
|
| 504 | _aIncludes bibliographical references and index. | ||
| 533 |
_aElectronic reproduction. _bPalo Alto, Calif. : _cebrary, _d2013. _nAvailable via World Wide Web. _nAccess may be limited to ebrary affiliated libraries. |
||
| 650 | 0 |
_aVertically rising aircraft _xAerodynamics. |
|
| 655 | 7 |
_aElectronic books. _2local |
|
| 700 | 1 | _aMargason, Richard J. | |
| 700 | 1 | _aCurtis, Peter. | |
| 710 | 2 | _aebrary, Inc. | |
| 830 | 0 |
_aProgress in astronautics and aeronautics ; _vv. 217. |
|
| 856 | 4 | 0 |
_uhttp://site.ebrary.com/lib/rucke/Doc?id=10516622 _zAn electronic book accessible through the World Wide Web; click to view |
| 999 |
_c224195 _d224195 |
||